[Event "Mondiale Semilampo FIDE 2024"]
[Site "New York"]
[Date "27.12.2024"]
[Round "7.33"]
[White "Vakhidov, Jakhongir"]
[Black "Petrosian, Tigran L."]
[Result "1-0"]
[WhiteTitle "GM"]
[BlackTitle "GM"]
[WhiteElo "2546"]
[BlackElo "2551"]
[WhiteFideId "14201801"]
[BlackFideId "13301616"]
[EventDate "26.12.2024"]

1. c4 e5 2. Nc3 g6 3. d4 Nc6 4. Nf3 exd4 5. Nxd4 Bg7 6. Nxc6 bxc6 7. g3 Ne7 8.
Bg2 O-O 9. O-O d6 10. Bg5 Rb8 11. Qd2 c5 12. Rad1 f6 13. Be3 Be6 14. b3 Qc8 15.
Bh6 Bxh6 16. Qxh6 Nf5 17. Qc1 Qa6 18. e3 Kg7 19. Qa1 Rbe8 20. Rfe1 Bc8 21. Nd5
Rf7 22. g4 Nh4 23. Nxf6 Rxf6 24. g5 Rf8 25. e4 Qc6 26. Rd3 h6 27. gxf6+ Kh7 28.
Rg3 Be6 29. f4 Qd7 30. Qc3 Qd8 31. f5 Bf7 32. fxg6+ Bxg6 33. Rf1 Qe8 34. Rf4
Nxg2 35. Rxg2 Qe5 36. Qxe5 dxe5 37. Rff2 h5 38. Rg5 Bxe4 39. Rxh5+ Kg6 40. Rxe5 1-0

[Event "Mondiale Semilampo FIDE 2024"]
[Site "New York"]
[Date "27.12.2024"]
[Round "7.37"]
[White "Mamedov, Edgar"]
[Black "Paravyan, David"]
[Result "0-1"]
[WhiteTitle "IM"]
[BlackTitle "GM"]
[WhiteElo "2441"]
[BlackElo "2620"]
[WhiteFideId "13739980"]
[BlackFideId "4194985"]
[EventDate "26.12.2024"]

1. d4 d5 2. Nf3 Nf6 3. c4 dxc4 4. e3 e6 5. Bxc4 c5 6. O-O cxd4 7. Nxd4 Bc5 8.
Nb5 Qe7 9. a3 a6 10. N5c3 O-O 11. b4 Bd6 12. Be2 Rd8 13. Qb3 b5 14. Nd2 Bb7 15.
Bf3 Bxf3 16. Nxf3 Nbd7 17. Rb1 Ne5 18. Nd4 Rac8 19. a4 Qc7 20. Nce2 bxa4 21.
Qxa4 Nd3 22. g3 e5 23. Nf5 Bf8 24. Ba3 Qb7 25. b5 Qd7 26. Bxf8 Rxf8 27. e4 g6
28. Ne3 axb5 29. Qxb5 Qxb5 30. Rxb5 Nxe4 31. Nd5 Rc2 32. Rb3 Nec5 33. Rxd3 Nxd3
34. Nec3 Kg7 35. Ne4 Rd8 36. Ne3 Rc1 37. Rxc1 Nxc1 38. h4 Nd3 39. Kf1 Nb4 40.
Kg2 Ra8 41. Nc4 Nd3 42. Kf3 f5 43. Ned2 e4+ 44. Ke3 Nb4 45. Ke2 Ra2 46. Ne3 Nd3
47. Nc4 Kf6 48. Ke3 Ne5 49. Nxe5 Kxe5 50. Nc4+ Kd5 51. Nb6+ Ke6 52. Nc4 Rc2 53.
Nd2 Ke5 0-1

[Event "Mondiale Semilampo FIDE 2024"]
[Site "New York"]
[Date "27.12.2024"]
[Round "7.42"]
[White "Le, Quang Liem"]
[Black "Moroni, Luca Jr"]
[Result "1/2-1/2"]
[WhiteTitle "GM"]
[BlackTitle "GM"]
[WhiteElo "2739"]
[BlackElo "2550"]
[WhiteFideId "12401137"]
[BlackFideId "865834"]
[EventDate "26.12.2024"]

1. d4 Nf6 2. c4 Nc6 3. Nf3 e6 4. Nc3 Bb4 5. Bd2 O-O 6. a3 Bxc3 7. Bxc3 Ne4 8.
Rc1 d6 9. g3 e5 10. Bg2 Nxc3 11. Rxc3 Bg4 12. d5 Bxf3 13. Bxf3 Nb8 14. c5 a5 15.
O-O Na6 16. cxd6 cxd6 17. Qc2 Qd7 18. b3 g6 19. Rc1 Rfb8 20. Qd2 b5 21. b4 axb4
22. axb4 Rc8 23. Rc6 Qd8 24. Ra1 Rxc6 25. dxc6 Nc7 26. Rxa8 Nxa8 27. Qa2 Nc7 28.
Bd5 Kg7 29. Kg2 f5 30. Qa7 Kf6 31. e4 fxe4 32. Bxe4 d5 33. Bd3 Qd6 34. Qb7 e4
35. Bxb5 d4 36. Be2 d3 37. Bd1 e3 38. fxe3 Nd5 39. Qa7 Qe5 40. e4 Qxe4+ 41. Bf3
Ne3+ 42. Kf2 Ng4+ 43. Bxg4 Qxg4 44. Qe3 Qxb4 45. c7 Qb2+ 46. Kg1 d2 47. Qf3+ Kg7
48. c8=Q Qc1+ 49. Qxc1 dxc1=Q+ 50. Kg2 1/2-1/2

[Event "Mondiale Semilampo FIDE 2024"]
[Site "New York"]
[Date "27.12.2024"]
[Round "7.46"]
[White "Khanin, Semen"]
[Black "Andriasian, Zaven"]
[Result "1/2-1/2"]
[WhiteTitle "GM"]
[BlackTitle "GM"]
[WhiteElo "2568"]
[BlackElo "2554"]
[WhiteFideId "4111990"]
[BlackFideId "13302000"]
[EventDate "26.12.2024"]

1. d4 d5 2. c4 c6 3. cxd5 cxd5 4. Bf4 Nc6 5. e3 Nf6 6. Bd3 Bg4 7. f3 Bd7 8. Nc3
e6 9. g4 Bb4 10. Ne2 Qe7 11. Kf2 O-O 12. h4 Bd6 13. Bg5 Rfe8 14. Nf4 h6 15. Bxf6
Qxf6 16. g5 Qe7 17. gxh6 Bxf4 18. exf4 gxh6 19. Ne2 Kh8 20. a3 Rg8 21. Bc2 f5
22. Qd2 Rg7 23. Rag1 Rxg1 24. Nxg1 Rg8 25. Ne2 Qg7 26. Rg1 Qf6 27. Rh1 Qg7 28.
Rg1 1/2-1/2

[Event "Mondiale Semilampo FIDE 2024"]
[Site "New York"]
[Date "27.12.2024"]
[Round "7.60"]
[White "Kacharava, Nikolozi"]
[Black "Ibarra Jerez, Jose Carlos"]
[Result "0-1"]
[WhiteTitle "GM"]
[BlackTitle "GM"]
[WhiteElo "2510"]
[BlackElo "2556"]
[WhiteFideId "13611860"]
[BlackFideId "2226332"]
[EventDate "26.12.2024"]

1. e4 e5 2. Nf3 Nc6 3. Bb5 a6 4. Ba4 Nf6 5. d3 Bc5 6. c3 O-O 7. O-O d6 8. h3 Ba7
9. Nbd2 Kh8 10. Re1 Ng8 11. Nf1 f5 12. exf5 Bxf5 13. Ng3 Bd7 14. Be3 Bxe3 15.
Rxe3 Nf6 16. d4 Nd5 17. Re1 exd4 18. Nxd4 Nf4 19. Nxc6 bxc6 20. Qd2 Qg5 21. Rad1
h5 22. h4 Qxh4 23. Ne4 Nxg2 24. Kxg2 Bh3+ 25. Kg1 Qg4+ 26. Ng3 Qxa4 27. Re4 Qa5
28. b4 Qd5 29. Qxd5 cxd5 30. Rxd5 g6 31. Re7 Rae8 32. Rxc7 Re1+ 33. Kh2 Bg4 34.
Rd2 h4 35. Rc4 hxg3+ 36. Kxg3 Bf3 37. Rxd6 Rg1+ 38. Kh3 Rf7 39. Rd8+ Kg7 40.
Rdc8 Bd5 41. R4c5 Be6+ 42. Kh2 Rf1 43. R8c7 Rxf2+ 44. Kg3 Rxa2 45. Rxf7+ Kxf7
46. Rc6 Kf6 47. Kf4 g5+ 48. Kg3 Ra3 49. Rc5 Ra1 50. Rc6 g4 51. Rc5 Rd1 0-1

[Event "Mondiale Semilampo FIDE 2024"]
[Site "New York"]
[Date "27.12.2024"]
[Round "8.1"]
[White "Carlsen, Magnus"]
[Black "Tari, Aryan"]
[Result "1-0"]
[WhiteTitle "GM"]
[BlackTitle "GM"]
[WhiteElo "2831"]
[BlackElo "2629"]
[WhiteFideId "1503014"]
[BlackFideId "1510045"]
[EventDate "26.12.2024"]

1. Nf3 d5 2. e3 Nf6 3. b3 Bf5 4. Be2 h6 5. Ba3 Nbd7 6. c4 e6 7. Bxf8 Nxf8 8. O-O
N8d7 9. cxd5 exd5 10. b4 O-O 11. Nc3 c6 12. Qb3 Re8 13. b5 Qa5 14. Rfc1 Nc5 15.
Qd1 Ne6 16. bxc6 bxc6 17. Qa4 Qb6 18. d4 a5 19. Qd1 Nd7 20. Na4 Qb7 21. Bd3 Bxd3
22. Qxd3 Qb4 23. Qd1 Rec8 24. Rab1 Qd6 25. Nb6 Nxb6 26. Rxb6 Qa3 27. h3 c5 28.
Rb3 Qa4 29. dxc5 Rxc5 30. Rxc5 Nxc5 31. Qxd5 Rc8 32. Rc3 Qb4 33. Rc1 Qa3 34. Rc4
Qxa2 35. Rxc5 Qb1+ 36. Kh2 Rxc5 37. Qxc5 a4 38. Nd4 Qb2 39. Qc8+ Kh7 40. Qc2+ 1-0

[Event "Mondiale Semilampo FIDE 2024"]
[Site "New York"]
[Date "27.12.2024"]
[Round "8.2"]
[White "Duda, Jan-Krzysztof"]
[Black "Naroditsky, Daniel"]
[Result "1-0"]
[WhiteTitle "GM"]
[BlackTitle "GM"]
[WhiteElo "2740"]
[BlackElo "2619"]
[WhiteFideId "1170546"]
[BlackFideId "2026961"]
[EventDate "26.12.2024"]

1. d4 Nf6 2. c4 g6 3. Nc3 Bg7 4. e4 d6 5. Nf3 O-O 6. Be2 Na6 7. O-O e5 8. Re1
Bg4 9. Be3 exd4 10. Nxd4 Bxe2 11. Qxe2 Re8 12. f3 c6 13. Rad1 Nd7 14. Kh1 Nac5
15. Nb3 Nxb3 16. axb3 Qc7 17. Qd2 Re6 18. Ne2 a5 19. Bd4 Bxd4 20. Nxd4 Ree8 21.
Qg5 Kh8 22. Nc2 Re6 23. Ra1 Qb6 24. Qd2 Qd8 25. Ra3 Qf6 26. Rxa5 Rxa5 27. Qxa5
Qxb2 28. Qd8+ Kg7 29. Qxd7 Qxc2 30. Qxb7 Re5 31. Rg1 Rg5 32. h3 c5 33. Qe7 Qd2
34. Qa7 Qb2 35. Qa6 Qxb3 36. Qa1+ f6 37. Qa7+ Kg8 38. Ra1 Re5 39. Qd7 Qb8 40.
Ra7 1-0

[Event "Mondiale Semilampo FIDE 2024"]
[Site "New York"]
[Date "27.12.2024"]
[Round "8.7"]
[White "Esipenko, Andrey"]
[Black "Caruana, Fabiano"]
[Result "1-0"]
[WhiteTitle "GM"]
[BlackTitle "GM"]
[WhiteElo "2682"]
[BlackElo "2805"]
[WhiteFideId "24175439"]
[BlackFideId "2020009"]
[EventDate "26.12.2024"]

1. e4 c5 2. Nf3 Nc6 3. Bb5 Nf6 4. Nc3 g6 5. O-O Bg7 6. Re1 O-O 7. Bxc6 bxc6 8.
e5 Nd5 9. Nxd5 cxd5 10. d4 Qb6 11. dxc5 Qxc5 12. Be3 Qc6 13. Qd2 d6 14. Bh6 dxe5
15. Bxg7 Kxg7 16. Rxe5 e6 17. Rae1 Qc7 18. Nd4 Rb8 19. b3 Rb6 20. h4 Qd8 21. h5
Re8 22. f4 Bd7 23. Qf2 Qf6 24. Qg3 Rc8 25. R1e3 a5 26. a4 Kf8 27. c3 Rcb8 28. h6
Kg8 29. Qf2 Qd8 30. f5 exf5 31. Rxd5 Qc8 32. Qf4 R6b7 33. Re7 Be6 34. Qe5 Kf8
35. Nxe6+ Kxe7 36. Ng5+ Kf8 37. Nxh7+ 1-0

[Event "Mondiale Semilampo FIDE 2024"]
[Site "New York"]
[Date "27.12.2024"]
[Round "8.9"]
[White "Sevian, Samuel"]
[Black "Firouzja, Alireza"]
[Result "1-0"]
[WhiteTitle "GM"]
[BlackTitle "GM"]
[WhiteElo "2696"]
[BlackElo "2763"]
[WhiteFideId "2040506"]
[BlackFideId "12573981"]
[EventDate "26.12.2024"]

1. e4 c5 2. Nf3 d6 3. d4 cxd4 4. Nxd4 Nf6 5. Nc3 a6 6. Be3 Ng4 7. Bc1 Nf6 8. f3
e5 9. Nb3 Be6 10. Be3 Be7 11. Qd2 h5 12. O-O-O Nbd7 13. Kb1 Rc8 14. g3 Qc7 15.
Rg1 b5 16. Nd5 Nxd5 17. exd5 Bf5 18. Bd3 Bxd3 19. Qxd3 Qc4 20. Qd2 Bd8 21. h3 f5
22. Rg2 O-O 23. Bg5 Nf6 24. a3 e4 25. Bxf6 Rxf6 26. Qe3 Rb8 27. fxe4 Bb6 28. Qe1
Re8 29. Nd2 Qc8 30. Re2 Re5 31. Nf3 Rxe4 32. Ng5 Rxe2 33. Qxe2 Qd7 34. Qxh5 Rh6
35. Qf3 Bd8 36. Ne6 Rf6 37. Re1 Qe8 38. Re2 Qd7 39. Qc3 Rf7 40. Qc6 Qxc6 41.
dxc6 Bb6 42. Nf4 1-0

[Event "Mondiale Semilampo FIDE 2024"]
[Site "New York"]
[Date "27.12.2024"]
[Round "8.11"]
[White "Abdusattorov, Nodirbek"]
[Black "Pichot, Alan"]
[Result "1-0"]
[WhiteTitle "GM"]
[BlackTitle "GM"]
[WhiteElo "2777"]
[BlackElo "2637"]
[WhiteFideId "14204118"]
[BlackFideId "110973"]
[EventDate "26.12.2024"]

1. e4 e5 2. Nf3 Nc6 3. Bc4 Bc5 4. d3 h6 5. Nc3 Nf6 6. O-O O-O 7. h3 d6 8. Na4
Bb6 9. a3 Be6 10. Bxe6 fxe6 11. b4 Qe8 12. c3 Qg6 13. Ra2 Nh5 14. Kh2 Nf4 15. g3
Nh5 16. Nxb6 axb6 17. Be3 b5 18. Nh4 Qf7 19. a4 g5 20. Ng2 Nf6 21. a5 Kh7 22. f4
exf4 23. gxf4 e5 24. fxg5 Qxa2 25. gxf6 Qe6 26. Qf3 Rf7 27. Bxh6 Kxh6 28. Ne3
Ne7 29. Qg3 Ng6 30. Nf5+ Kh7 31. Qg5 Rh8 32. Rg1 Kg8 33. Ne7+ 1-0

[Event "Mondiale Semilampo FIDE 2024"]
[Site "New York"]
[Date "27.12.2024"]
[Round "8.13"]
[White "Yu, Yangyi"]
[Black "Lazavik, Denis"]
[Result "1/2-1/2"]
[WhiteTitle "GM"]
[BlackTitle "GM"]
[WhiteElo "2724"]
[BlackElo "2578"]
[WhiteFideId "8603820"]
[BlackFideId "13515110"]
[EventDate "26.12.2024"]

1. c4 Nf6 2. Nc3 e5 3. e3 Bb4 4. Nd5 Nxd5 5. cxd5 O-O 6. Bd3 d6 7. a3 Bc5 8. b4
Bb6 9. Ne2 Nd7 10. O-O Nf6 11. Nc3 c6 12. dxc6 bxc6 13. Bb2 a5 14. Qc2 Ba6 15.
Bxa6 Rxa6 16. h3 Qd7 17. Rfc1 axb4 18. axb4 Rxa1 19. Bxa1 Ra8 20. Bb2 h6 21. Ne4
Nxe4 22. Qxe4 Rc8 23. Qd3 Rd8 24. Qe4 c5 25. bxc5 Bxc5 26. d4 exd4 27. Bxd4 Re8
28. Qd3 Bxd4 29. Qxd4 g6 30. Rd1 Re6 31. Rb1 Re8 32. Rb6 d5 33. Qf4 Qa7 34. Rb1
h5 35. Rd1 Qd7 36. Qg5 Qd8 37. Qf4 Qb8 38. Qf3 Rd8 39. Rxd5 Qb1+ 40. Kh2 Qb8+
41. g3 Rxd5 42. Qxd5 h4 43. Qg5 hxg3+ 44. Qxg3 Qb5 45. h4 Qf5 46. Qb8+ Kg7 47.
Kg3 Qd5 48. Qb2+ Kg8 49. Qb8+ Kg7 50. Qf4 Qh1 51. Qe5+ Kg8 52. Qd4 Qg1+ 53. Kf3
Qh1+ 54. Ke2 Qg2 55. Qd8+ Kg7 56. Qg5 Qh1 57. Qe5+ Kg8 58. Qf4 Kg7 59. Qg5 Kg8
60. Qf4 Kg7 61. e4 Qh3 62. Qe5+ Kg8 63. Qg3 Qe6 64. Kf3 Qb3+ 65. Kg2 Qc4 66.
Qb8+ Kh7 67. Qe5 Qe2 68. Qf4 Kg7 69. e5 Kg8 70. Qd4 Qe1 71. Qd8+ Kg7 72. Qf6+
Kg8 73. Qd8+ Kg7 74. Qd4 Kg8 75. Qf4 Kg7 76. h5 gxh5 77. Qg5+ Kf8 78. Qd8+ Kg7
79. Qg5+ Kf8 80. Qxh5 Qe4+ 81. Kg3 Qe1 82. Qh6+ Ke7 83. Qf6+ Ke8 84. Qc6+ Ke7
85. Qc5+ Ke8 86. Kf4 Qd2+ 87. Qe3 Qc2 88. Qd4 Qc1+ 89. Kf5 Qc2+ 90. Kf4 Qc1+ 91.
Kf3 Qh1+ 92. Ke2 Qb1 93. Qa4+ Ke7 94. Qa3+ Ke8 95. Qa8+ Ke7 96. Qd5 Qc2+ 97. Ke3
Qc1+ 98. Ke2 Qc2+ 99. Kf3 Qf5+ 100. Ke3 Qg5+ 101. Ke2 Qg4+ 102. Kf1 Qh3+ 103.
Ke1 Qc3+ 104. Kd1 Qb2 105. Qc5+ Ke6 106. Qc4+ Kxe5 107. Qxf7 Qd4+ 108. Ke2 Qe4+
109. Kf1 Qh1+ 110. Ke2 Qe4+ 111. Kf1 1/2-1/2

[Event "Mondiale Semilampo FIDE 2024"]
[Site "New York"]
[Date "27.12.2024"]
[Round "8.15"]
[White "So, Wesley"]
[Black "Durarbayli, Vasif"]
[Result "1/2-1/2"]
[WhiteTitle "GM"]
[BlackTitle "GM"]
[WhiteElo "2747"]
[BlackElo "2622"]
[WhiteFideId "5202213"]
[BlackFideId "13402935"]
[EventDate "26.12.2024"]

1. d4 d5 2. c4 c6 3. Nc3 Nf6 4. Nf3 e6 5. e3 Nbd7 6. Qc2 Bd6 7. Bd3 dxc4 8. Bxc4
b5 9. Be2 O-O 10. O-O Be7 11. Rd1 Bb7 12. b3 Qb8 13. Bb2 Rc8 14. Ne5 b4 15. Nxd7
Nxd7 16. Na4 c5 17. Qd2 Bc6 18. Nxc5 Nxc5 19. dxc5 Qb7 20. f3 Bxc5 21. Rac1 Bf8
22. Bd4 a5 23. Bc5 Bb5 24. Bxf8 Rxf8 25. Bxb5 Qxb5 26. Qd3 Qg5 27. f4 Qh5 28. h3
h6 29. Kh2 Qh4 30. Qe4 Rac8 31. Rxc8 Rxc8 32. Qb7 Rd8 33. Rd7 Rxd7 34. Qxd7 Qh5
35. e4 Qe2 36. e5 Qxa2 37. Qe8+ Kh7 38. Qxf7 Qxb3 39. f5 Qd5 40. Qg6+ Kg8 41.
Qe8+ Kh7 42. Qg6+ Kg8 43. Qe8+ 1/2-1/2

[Event "Mondiale Semilampo FIDE 2024"]
[Site "New York"]
[Date "27.12.2024"]
[Round "8.27"]
[White "Vachier-Lagrave, Maxime"]
[Black "Dardha, Daniel"]
[Result "0-1"]
[WhiteTitle "GM"]
[BlackTitle "GM"]
[WhiteElo "2731"]
[BlackElo "2639"]
[WhiteFideId "623539"]
[BlackFideId "240990"]
[EventDate "26.12.2024"]

1. e4 c5 2. Nf3 Nc6 3. Bb5 e6 4. O-O Nge7 5. d4 cxd4 6. Nxd4 Qb6 7. Nxc6 bxc6 8.
Bd3 Ng6 9. Kh1 e5 10. Nd2 Be7 11. Nc4 Qc7 12. Ne3 d6 13. Nf5 O-O 14. c4 Nf4 15.
Bc2 Ne6 16. b4 Rd8 17. Nxe7+ Qxe7 18. Be3 Ba6 19. Bd3 d5 20. exd5 cxd5 21. cxd5
Bxd3 22. Qxd3 Qxb4 23. Rfd1 Nf4 24. Bxf4 Qxf4 25. Kg1 Rd6 26. g3 Qa4 27. Qc3 Qe4
28. Rd2 Rad8 29. Rad1 h5 30. f3 Qf5 31. Qe3 a6 32. h4 g6 33. Kg2 Kg7 34. Rd3 Rc8
35. Rc3 Rb8 36. Qe2 Rb5 37. Rcd3 g5 38. a4 Rb4 39. Qd2 Rxa4 40. Qxg5+ Qxg5 41.
hxg5 Kg6 42. Rc1 Kxg5 43. Rc6 Rxc6 44. dxc6 Rc4 45. Rd6 Rc2+ 46. Kf1 f5 47. Re6
h4 48. gxh4+ Kxh4 49. Rxe5 f4 50. Ra5 Rxc6 51. Ke2 Rc2+ 52. Kd3 Rb2 53. Ke4 Rb4+
54. Kf5 Kg3 55. Ra3 Rb5+ 56. Ke4 a5 57. Kd4 a4 58. Ke4 Rb3 59. Rxa4 Rxf3 60. Kf5
Rb3 0-1

[Event "Mondiale Semilampo FIDE 2024"]
[Site "New York"]
[Date "27.12.2024"]
[Round "8.30"]
[White "Praggnanandhaa, R"]
[Black "Suleymanli, Aydin"]
[Result "1-0"]
[WhiteTitle "GM"]
[BlackTitle "GM"]
[WhiteElo "2737"]
[BlackElo "2623"]
[WhiteFideId "25059530"]
[BlackFideId "13413937"]
[EventDate "26.12.2024"]

1. d4 Nf6 2. c4 e6 3. Bf4 Bb4+ 4. Nd2 c5 5. dxc5 O-O 6. Nf3 Bxc5 7. e3 Nc6 8.
Be2 d5 9. O-O b6 10. cxd5 Nxd5 11. Bg3 Bxe3 12. fxe3 Nxe3 13. Qa4 Nxf1 14. Bxf1
Bb7 15. Ne4 Ne7 16. Rd1 Qe8 17. Qb4 Bxe4 18. Qxe4 Nf5 19. Be5 Rd8 20. Bd3 Qe7
21. Rc1 h5 22. h3 Qd7 23. Bb1 Qd5 24. Qe1 Rc8 25. Rd1 Qc5+ 26. Kh2 Qe3 27. Qb4
a5 28. Qa4 Rc5 29. Re1 Qf2 30. Bxf5 exf5 31. Bd4 Qc2 32. Qd7 Rc7 33. Qd6 Qc6 34.
Qe5 f6 35. Qxf5 Re8 36. Rxe8+ Qxe8 37. Bxb6 Rb7 38. Qd5+ Qf7 39. Qxa5 g5 40. Bd4
g4 41. hxg4 hxg4 42. Nh4 Rd7 43. Bc3 Rd5 44. Qb6 Kg7 45. Qf2 Qe6 46. Qf4 Kf7 47.
a4 Rd3 48. Nf5 Qe2 49. Qxg4 Qxg4 50. Nh6+ Ke6 51. Nxg4 f5 52. Ne5 Rd1 53. Kg3
Ra1 54. a5 Ra4 55. Kf3 Kd5 56. Nd3 Kd6 57. Nf4 Kc5 58. Ne6+ Kd5 59. Nd4 Ke5 60.
g3 Ra2 61. Ke3 Ra4 62. Kd3 1-0

[Event "Mondiale Semilampo FIDE 2024"]
[Site "New York"]
[Date "27.12.2024"]
[Round "8.32"]
[White "Anton Guijarro, David"]
[Black "Woodward, Andy"]
[Result "1-0"]
[WhiteTitle "GM"]
[BlackTitle "GM"]
[WhiteElo "2673"]
[BlackElo "2530"]
[WhiteFideId "2285525"]
[BlackFideId "30953499"]
[EventDate "26.12.2024"]

1. e4 c5 2. Nf3 d6 3. Bb5+ Nd7 4. Ba4 Nf6 5. O-O e6 6. d3 Be7 7. c4 O-O 8. Nc3
Ne5 9. Ne1 Bd7 10. Bxd7 Nfxd7 11. f4 Nc6 12. Kh1 f5 13. Nf3 Bf6 14. exf5 exf5
15. Bd2 Nb6 16. a4 a5 17. Qb3 Nb4 18. Nb5 Qd7 19. d4 Rae8 20. dxc5 dxc5 21. Bxb4
axb4 22. Rad1 Qe7 23. a5 Nc8 24. Rfe1 Qf7 25. Ne5 Bxe5 26. fxe5 f4 27. Rd5 Qh5
28. Qf3 Qh4 29. Rdd1 Re7 30. h3 Kh8 31. Qg4 Qh6 32. Re4 Re6 33. Qxf4 g5 34. Qg4
Qg6 35. Ree1 Rf4 36. Qg3 Ne7 37. Nc7 Rc6 38. Rd8+ Kg7 39. Rd7 Kf8 40. e6 Qf5 41.
Nd5 Rxe6 42. Rxe6 Qxe6 43. Rxe7 Qd6 44. Qe1 Rxc4 45. Re6 Rc1 46. Qxc1 Qxe6 47.
Qxc5+ Kf7 48. Qc7+ Kg6 49. Qb6 1-0

[Event "Mondiale Semilampo FIDE 2024"]
[Site "New York"]
[Date "27.12.2024"]
[Round "8.38"]
[White "Le, Quang Liem"]
[Black "Hakobyan, Aram"]
[Result "1-0"]
[WhiteTitle "GM"]
[BlackTitle "GM"]
[WhiteElo "2739"]
[BlackElo "2625"]
[WhiteFideId "12401137"]
[BlackFideId "13306677"]
[EventDate "26.12.2024"]

1. d4 Nf6 2. Nf3 d5 3. e3 e6 4. Bd3 Be7 5. O-O O-O 6. b3 b6 7. Bb2 Bb7 8. Nbd2
Nbd7 9. Qe2 a5 10. a4 Ne4 11. Rac1 Bd6 12. Rfd1 Qe7 13. c4 Rfc8 14. Bb1 Nxd2 15.
Nxd2 Bb4 16. e4 Bxd2 17. Rxd2 Qb4 18. Rd3 Nf8 19. Rg3 dxc4 20. d5 e5 21. Bxe5
Ng6 22. Bc3 Qa3 23. Bb2 Qe7 24. bxc4 c6 25. Rd1 cxd5 26. cxd5 Ba6 27. Qd2 f6 28.
d6 Qf7 29. f4 Bc4 30. h4 Nf8 31. h5 h6 32. Qd4 Nd7 33. e5 Qxh5 34. exf6 Bf7 35.
Rxg7+ Kf8 36. Re1 Rc4 37. Qf2 Rac8 38. Qg3 Qc5+ 39. Re3 1-0

[Event "Mondiale Semilampo FIDE 2024"]
[Site "New York"]
[Date "27.12.2024"]
[Round "8.41"]
[White "Zemlyanskii, Ivan"]
[Black "Cheparinov, Ivan"]
[Result "0-1"]
[WhiteTitle "GM"]
[BlackTitle "GM"]
[WhiteElo "2543"]
[BlackElo "2646"]
[WhiteFideId "24249971"]
[BlackFideId "2905540"]
[EventDate "26.12.2024"]

1. e4 c6 2. d4 d5 3. e5 Bf5 4. c4 e6 5. Nc3 Bb4 6. cxd5 cxd5 7. h4 h6 8. g4 Bh7
9. h5 Nc6 10. Bd3 Be4 11. Bxe4 dxe4 12. Ne2 f6 13. Qb3 Qd5 14. O-O Qxb3 15. axb3
fxe5 16. d5 Nd4 17. Nxd4 exd4 18. Nb5 Ke7 19. dxe6 d3 20. Nc7 Nf6 21. Nxa8 Rxa8
22. Be3 Nxg4 23. Bxa7 Kxe6 24. Ra4 Nf6 25. Be3 Rxa4 26. bxa4 Nd5 27. Bd4 Kf5 28.
Bxg7 Kg5 29. Bd4 Kxh5 30. Rc1 Kg4 31. Kg2 Nf4+ 32. Kf1 h5 33. Be3 Nd5 34. Rc4
Kf3 35. Bg5 e3 36. Bxe3 Nxe3+ 37. fxe3 d2 38. Rd4 Kxe3 39. Rd8 Bc5 40. Re8+ Kd3 0-1

[Event "Mondiale Semilampo FIDE 2024"]
[Site "New York"]
[Date "27.12.2024"]
[Round "8.45"]
[White "Niemann, Hans Moke"]
[Black "Khanin, Semen"]
[Result "1/2-1/2"]
[WhiteTitle "GM"]
[BlackTitle "GM"]
[WhiteElo "2734"]
[BlackElo "2568"]
[WhiteFideId "2093596"]
[BlackFideId "4111990"]
[EventDate "26.12.2024"]

1. e4 e5 2. Nf3 Nc6 3. Bc4 Nf6 4. d3 Bc5 5. O-O d6 6. c3 a6 7. Re1 Ba7 8. Nbd2
Na5 9. Bb3 Nxb3 10. axb3 O-O 11. Nf1 h6 12. h3 Nh5 13. d4 Qf6 14. Be3 Nf4 15.
Ng3 g6 16. Bxf4 Qxf4 17. Nf5 Bxf5 18. g3 Qxe4 19. Rxe4 Bxe4 20. dxe5 dxe5 21.
Nxe5 Rfe8 22. Ng4 Kg7 23. Qd2 g5 24. Qd7 Rad8 25. Qxc7 Rd2 26. Rf1 Re6 27. Qa5
Bb6 28. Qb4 Bd3 29. c4 Rc2 30. Ra1 h5 31. Ne3 Bxe3 32. fxe3 Rxe3 33. Qd6 Kh7 34.
Rd1 h4 35. gxh4 gxh4 36. Qf4 Rg3+ 37. Qxg3 hxg3 38. Rxd3 Rxb2 39. Rxg3 f5 40. h4
Kh6 41. Rg5 f4 42. Rf5 Rxb3 43. Rxf4 a5 44. Kf2 a4 45. c5 Rc3 1/2-1/2

[Event "Mondiale Semilampo FIDE 2024"]
[Site "New York"]
[Date "27.12.2024"]
[Round "8.77"]
[White "Bilych, Oleksii"]
[Black "Adewumi, Tanitoluwa"]
[Result "0-1"]
[WhiteTitle "IM"]
[BlackTitle "FM"]
[WhiteElo "2435"]
[BlackElo "2349"]
[WhiteFideId "14156504"]
[BlackFideId "30966396"]
[EventDate "26.12.2024"]

1. Nf3 d5 2. g3 g6 3. Bg2 Bg7 4. c4 d4 5. O-O Nf6 6. d3 O-O 7. e3 dxe3 8. fxe3
Nc6 9. Nc3 e5 10. d4 Bg4 11. dxe5 Nd7 12. h3 Be6 13. Qe2 Ndxe5 14. Rd1 Qc8 15.
Nxe5 Nxe5 16. Nd5 Re8 17. Qf1 c6 18. Nf4 Nxc4 19. Rb1 Bf5 20. e4 Bxe4 21. Bxe4
Rxe4 22. Qf3 Qf5 23. b3 Ne5 24. Qf2 g5 25. Nh5 Qxh3 26. Nxg7 g4 27. Qg2 Nf3+ 28.
Kf1 Nh2+ 29. Kg1 Qxg2+ 30. Kxg2 Re2+ 31. Kh1 Nf3 32. Rb2 Re5 33. Rc2 Kxg7 34.
Bb2 Re8 35. Re2 Re7 36. Kg2 h5 37. Rd6 f6 38. Bxe5 Nxe5 39. Red2 Kg6 40. Kf2 Kf5
41. R2d4 Kg5 42. Rd8 Rh7 43. Rg8+ Ng6 44. Kg2 Kf5 45. Rd1 Kg5 46. Rd2 h4 47.
gxh4+ Rxh4 48. Rd7 Kf5 49. Rxb7 Nf4+ 50. Kg1 Ke4 51. Rf8 Rh6 52. Rbf7 Nd5 53.
Kg2 Kf4 54. Rxa7 Ne3+ 55. Kg1 f5 56. Re7 Rh3 57. a4 Rf3 58. Rg8 Kg3 0-1

[Event "Mondiale Semilampo FIDE 2024"]
[Site "New York"]
[Date "27.12.2024"]
[Round "9.4"]
[White "Dominguez Perez, Leinier"]
[Black "Esipenko, Andrey"]
[Result "1/2-1/2"]
[WhiteTitle "GM"]
[BlackTitle "GM"]
[WhiteElo "2741"]
[BlackElo "2682"]
[WhiteFideId "3503240"]
[BlackFideId "24175439"]
[EventDate "26.12.2024"]

1. e4 e5 2. Nf3 Nc6 3. Bb5 a6 4. Ba4 Nf6 5. O-O Be7 6. d3 b5 7. Bb3 d6 8. c3 O-O
9. h3 Bb7 10. Nbd2 Na5 11. Bc2 c5 12. Re1 Re8 13. Nf1 h6 14. Ng3 Bf8 15. d4 cxd4
16. cxd4 exd4 17. Nxd4 Rc8 18. b3 Nc6 19. Nxc6 Bxc6 20. Bb2 Bb7 21. Qd3 g6 22.
Rad1 Bg7 23. Bb1 d5 24. e5 Ne4 25. Qe3 Qg5 26. Nxe4 1/2-1/2

[Event "Mondiale Semilampo FIDE 2024"]
[Site "New York"]
[Date "27.12.2024"]
[Round "9.8"]
[White "Aronian, Levon"]
[Black "Bluebaum, Matthias"]
[Result "1/2-1/2"]
[WhiteTitle "GM"]
[BlackTitle "GM"]
[WhiteElo "2747"]
[BlackElo "2650"]
[WhiteFideId "13300474"]
[BlackFideId "24651516"]
[EventDate "26.12.2024"]

1. e4 e6 2. d4 d5 3. Nd2 c5 4. dxc5 Nf6 5. exd5 Qxd5 6. Nb3 Qxd1+ 7. Kxd1 Bd7 8.
f3 Ba4 9. Ne2 Nbd7 10. Nc3 Bxb3 11. axb3 Bxc5 12. Bb5 Ke7 13. Ke2 a6 14. Bxd7
Kxd7 15. Bg5 h6 16. Rhd1+ Ke7 17. Bxf6+ gxf6 18. Ne4 Rac8 19. Ra4 f5 20. Nxc5
Rxc5 21. Rd2 Rhc8 22. Kd1 Kf6 23. c3 R8c7 24. Rh4 Kg7 25. b4 Rb5 26. Kc2 a5 27.
Kb3 axb4 28. Rxb4 Re5 29. Rb6 Re1 30. Kb4 e5 31. Rbd6 e4 32. Rd1 Re2 33. R1d2
Re1 34. Rd1 Re2 35. R1d2 1/2-1/2